MARC

LEADER 00000nas a2200000 a 4500
001 ssj0002446
003 WaSeSS
005 20200512172242.0
006 m d
007 cr n
008 050614c19469999oncqr pss o 0 0eng c
010 |a  2009235751 
016 7 |a 981557635  |2 DE-101 
016 7 |a 2254714-9  |2 DE-600 
022 |y 0020-7020 
024 8 |a Hein-intj 
035 |a (WaSeSS)ssj0002446 
040 |a OCLCS  |b eng  |c OCLCS  |d OCLCQ  |d EYM  |d HUL  |d GWDNB  |d OCLCQ  |d GBVCP  |d OCLCQ  |d OCLCF  |d COO  |d OCLCO  |d OCLCQ  |d DEBBG  |d KSU  |d VT2  |d WaSeSS 
041 0 |a eng  |a fre 
042 |a pcc 
050 4 |a D839  |b .I5 
055 0 1 |a JX1 
082 0 4 |a 940.55 
130 0 |a International journal (Toronto, Ont. : Online) 
245 1 0 |a International journal  |h [electronic resource]. 
260 |a Toronto :  |b Canadian Institute of International Affairs,  |c 1946- 
310 |a Quarterly 
362 0 |a Vol. 1, no. 1 (Jan. 1946)- 
500 |a Title from table of contents page (Hein Online, viewed Dec. 10, 2004). 
506 |a License restrictions may limit access. 
538 |a Mode of access: World Wide Web. 
546 |a Some articles in French. 
588 |a Latest issue consulted: Vol. 61, no. 1 (winter 2005/2006) (JSTOR, viewed Nov. 20, 2009). 
650 0 |a World politics  |v Periodicals. 
650 0 |a International relations  |v Periodicals. 
650 7 |a International relations.  |2 fast  |0 (OCoLC)fst00977053 
650 7 |a World politics.  |2 fast  |0 (OCoLC)fst01181381 
655 0 |a Electronic journals. 
710 2 |a Canadian Institute of International Affairs. 
776 0 8 |i Print version:  |t International journal (Toronto, Ont.)  |x 0020-7020  |w (DLC) 48030421  |w (OCoLC)1640693 
856 4 0 |z Full text available from Research Library: 12/01/1953 to 12/31/1956  |u https://search.proquest.com/publication/40991 
856 4 0 |z Full text available from Research Library: 01/01/1959 to 12/31/1960  |u https://search.proquest.com/publication/40991 
856 4 0 |z Full text available from Research Library: 01/01/1964 to 12/31/1970  |u https://search.proquest.com/publication/40991 
856 4 0 |z Full text available from Research Library: 01/01/1982 to 12/31/1982  |u https://search.proquest.com/publication/40991 
856 4 0 |z Full text available from Research Library: 01/01/1994 to 12/31/1995  |u https://search.proquest.com/publication/40991 
856 4 0 |z Full text available from Research Library: 01/01/2004 to 12/31/2017  |u https://search.proquest.com/publication/40991